LEADER 01359nam a2200301 u 4500 001 000000008084 003 CaOOAMICUS 005 20070226105045.0 008 941011s1982 it u000 u fre u 020 $a8870131459 035 $a10209247 040 $aPUL(R)$bita 041 0 $afre$alat 100 1 $aBougerol, Jacques Guy,$cO.F.M.,$d1908-$0(OLS)http://pul/name/5334 245 14$aLes manuscrits franciscains de la Bibliothèque de Troyes /$cJacques Guy Bougerol O.F.M. 260 $aGrottaferrata (Roma) :$bCollegii S. Bonaventurae ad Claras Aquas,$c1982. 300 $a20*, 395 p. ;$c25 cm 490 1 $aSpicilegium Bonaventurianum ;$v23 610 24$aBibliothèque de Troyes$xManoscritti.$0(OLS)http://pul/subject/7014 650 4$aManoscritti$zFrancia$zTroyes.$0(OLS)http://pul/subject/7015 830 0$aSpicilegium Bonaventurianum ;$v23.$0(OLS)http://pul/title/356 850 $aPUL 852 $aPUL$W1$xSL Religione 1$y3$m79.L$j299$nBK-PRI$b $qStampati$B11447$CPULBib$Z2$F11447 $H $81 941 1 $a8 961 $aINV: 71613 996 $6020$a8870131459$9(OLS)http://pul/number/10415 996 $6245$aLes manuscrits franciscains de la Bibliothèque de Troyes$9(OLS)http://pul/title/11794 996 $6260$aGrottaferrata (Roma) :$bCollegii S. Bonaventurae ad Claras Aquas$9(OLS)http://pul/publisher/51963 LEADER 00966nam a2200253 u 4500 001 000000089996 003 CaOOAMICUS 005 20070226124657.0 008 051205s1965 it u000 u ita u 035 $a11071307 040 $aPUL(R)$bita 100 1 $aFabbri, Luigi.$0(OLS)http://pul/name/32170 245 12$aI comunisti e la religione /$cLuigi Fabbri. 260 $aRoma :$bA.V.E.,$cc1965. 300 $a224 p. ;$c20 cm 490 1 $aA.V.E. Minima ;$v13 504 $aComprende indicazioni bibliografiche. 650 4$aCristianesimo e ateismo.$0(OLS)http://pul/subject/407 830 0$aMinima (A.V.E.) ;$v13.$0(OLS)http://pul/title/9083 850 $aPUL 852 $aPUL$W1$xDP1 Fondo Pastorale$y55$mP12 E 12$j113667$nBK-PRI$b $qFondi$B113667$CPULBib$Z2$F113667 $HPUL2161 $81 941 1 $a1 996 $6245$aI comunisti e la religione$9(OLS)http://pul/title/116242 996 $6260$aRoma :$bA.V.E.$9(OLS)http://pul/publisher/47979